000 00597nam a2200157 a 4500
008 200804s2019 ||||||||||||||||| || u
020 _a9781108470599
050 _aQA 41 Fin
100 _aFinch, Steven R.
245 1 0 _aMathematical constants II
_cBy Steven R. Finch
260 _aCambridge
_bCambridge University Press
_c2019
300 _axiii,769 pages: illustrations
350 _a147.06
650 _aMATHEMATICAL CONSTANTS
995 _FCBU-MAIN LIBRARY (Kitwe)
_I147.06
_M1
_UAVAILABLE
_WAug 12, 2020
_ZMain Library Open Access Collection
999 _c50645
_d50645